000 00284nam a22001337a 4500
008 181015b xxu||||| |||| 00| 0 eng d
020 _a2800071623690
041 _aeng
080 _a616
100 _a9
101 _aPATF
245 _aPathophysiology
_cBetsy, Th
942 _2udc
_cBK
999 _c49762
_d49762